| 000 | 00406 a2200157 4500 | ||
|---|---|---|---|
| 001 | 58313 | ||
| 020 | _a8526223569 | ||
| 040 | _cAnchieta - Pituba | ||
| 100 | _aFerraz, José Antônio | ||
| 240 | 1 | 0 |
_aQuincas Borba; Memórias póstumas de Brás Cubas _lpor |
| 245 | 1 | 0 | _aQuincas Borba; Memórias póstumas de Brás Cubas |
| 300 | _a145 | ||
| 362 | 0 | _a1994 | |
| 650 | 4 | _aFicção brasileira | |
| 942 | _cBK | ||
| 999 |
_c58313 _d58313 |
||